Estatísticas para Estados do Brasil em ordem alfabética

Clique aqui para jogar o quiz

Estatísticas Gerais

  • Esse quiz foi jogado 113 vezes
  • A pontuação média é 22 de 27

Estatísticas das Respostas

Estado% Correto
Acre
99%
Alagoas
95%
Amapá
91%
Amazonas
90%
Espirito Santo
86%
Ceará
85%
Bahia
84%
Minas Gerais
84%
Paraná
84%
Distrito Federal
82%
Goias
82%
Mato Grosso
82%
Mato Grosso do Sul
82%
Pará
82%
Paraíba
82%
Pernambuco
81%
Maranhão
80%
Rio Grande do Sul
80%
Santa Catarina
80%
Rio Grande do Norte
79%
Roraima
79%
Rio de Janeiro
78%
Rondonia
78%
São Paulo
77%
Sergipe
76%
Piaui
75%
Tocantins
75%

Distribuição das Pontuações

Percentil de Números Respondidos

Porcentagem de Pessoas com Cada Pontuação

Sua Pontuação Histórica

Você não jogou esse quiz